<?xml version="1.0" encoding="UTF-8"?>
<marc:record xmlns:marc="http://www.loc.gov/MARC21/slim">
   <marc:leader>00000nam a2200000 a 4500</marc:leader>
   <marc:datafield ind1="1" ind2=" " tag="100">
      <marc:subfield code="a">Ecer, Sedef</marc:subfield>
      <marc:subfield code="4">aut</marc:subfield>
      <marc:subfield code="e">Verfasser/-in</marc:subfield>
   </marc:datafield>
   <marc:datafield ind1="0" ind2="0" tag="245">
      <marc:subfield code="a">All die Frauen, die du warst</marc:subfield>
   </marc:datafield>
   <marc:datafield ind1="0" ind2="0" tag="245">
      <marc:subfield code="b">Roman</marc:subfield>
   </marc:datafield>
   <marc:datafield ind1="0" ind2="0" tag="245">
      <marc:subfield code="c">Sedef Ecer</marc:subfield>
   </marc:datafield>
   <marc:datafield ind1=" " ind2="1" tag="264">
      <marc:subfield code="a">München</marc:subfield>
      <marc:subfield code="b">Piper Verlag</marc:subfield>
      <marc:subfield code="c">2022</marc:subfield>
   </marc:datafield>
   <marc:datafield ind1="1" ind2=" " tag="520">
      <marc:subfield code="a">»Als Esra Zaman mich bat, für ihre Beerdigung eine Trauerrede zu schreiben, jagte mir diese Idee panische Angst ein. Denn Esra Zaman ist meine Mutter. Ich muss schon im Prolog das unvermeidliche Unheil ankündigen. Deshalb will ich mit den drei Militärputschen beginnen, die unser Leben bestimmt haben.« Hülya hat längst alle Brücken zu ihrer Mutter abgebrochen und lebt seit vielen Jahren in Paris. Widerstrebend beginnt sie, sich mit ihrer Kindheit als Tochter einer Filmdiva im Istanbul der 70er zu beschäftigen. Dabei kommt sie ihrer Mutter näher - und der Antwort auf das Verschwinden ihres Vaters. (Verl.txt)</marc:subfield>
   </marc:datafield>
   <marc:datafield ind1=" " ind2=" " tag="020">
      <marc:subfield code="a">9783492071314</marc:subfield>
      <marc:subfield code="9">9783492071314</marc:subfield>
   </marc:datafield>
   <marc:datafield ind1=" " ind2=" " tag="020">
      <marc:subfield code="a">3492071317</marc:subfield>
      <marc:subfield code="9">3492071317</marc:subfield>
   </marc:datafield>
   <marc:datafield ind1=" " ind2=" " tag="500">
      <marc:subfield code="a">Aus dem Französischen von Sonja Finck</marc:subfield>
   </marc:datafield>
   <marc:datafield ind1=" " ind2=" " tag="300">
      <marc:subfield code="a">280 S.</marc:subfield>
   </marc:datafield>
</marc:record>
